[Event "Sarmiento Erbe Memorial 2nd"]
[Site "Sarmiento"]
[Date "2017.10.28"]
[Round "5"]
[White "Amaya, Martin"]
[Black "Cibin, Aurelio"]
[Result "0-1"]
[WhiteElo "1689"]
[BlackElo "1669"]
[PlyCount "72"]
[EventDate "2017.10.27"]
[EventType "swiss"]
[EventRounds "7"]
[EventCountry "ARG"]
[SourceTitle "EXT 2019"]
[Source "ChessBase"]
[SourceDate "2018.10.10"]
[SourceVersion "1"]
[SourceVersionDate "2018.10.10"]
[SourceQuality "1"]

1. d4 Nf6 2. c4 e6 3. Nf3 b6 4. g3 Bb7 5. Bg2 c5 6. 0-0 cxd4 7. Nxd4 Bxg2 8. Kxg2 a6 9. b3 g6 10. Bg5 Bg7 11. Nc3 Qc8 12. Qd3 Qb7+ 13. Kg1 0-0 14. Bxf6 Bxf6 15. Ne4 Be7 16. Qf3 Nc6 17. Rad1 Qc7 18. Nf6+ Bxf6 19. Qxf6 Qe5 20. Qxe5 Nxe5 21. Nc2 Rfd8 22. Rd6 b5 23. f4 Ng4 24. Rfd1 Nf6 25. cxb5 axb5 26. Nb4 Rdc8 27. R1d4 Ra7 28. h3 Rcc7 29. Na6 Rc1+ 30. Kf2 Kf8 31. Rb6 Ke7 32. Nb4 Rc5 33. e4 e5 34. fxe5 Rxe5 35. Ke3 Rc5 36. Kd3 Rac7 0-1

[Event "Sarmiento Erbe Memorial 2nd"]
[Site "Sarmiento"]
[Date "2017.10.27"]
[Round "2"]
[White "Amaya, Martin"]
[Black "Tornquist, Carlos"]
[Result "1/2-1/2"]
[WhiteElo "1689"]
[BlackElo "1867"]
[PlyCount "107"]
[EventDate "2017.10.27"]
[EventType "swiss"]
[EventRounds "7"]
[EventCountry "ARG"]
[SourceTitle "EXT 2019"]
[Source "ChessBase"]
[SourceDate "2018.10.10"]
[SourceVersion "1"]
[SourceVersionDate "2018.10.10"]
[SourceQuality "1"]

1. d4 Nf6 2. c4 g6 3. Nc3 Bg7 4. e4 d6 5. Nf3 0-0 6. Be2 Na6 7. 0-0 e5 8. dxe5 dxe5 9. Qxd8 Rxd8 10. Bg5 h6 11. Bxf6 Bxf6 12. Nd5 Bg7 13. Rfd1 Be6 14. a3 c6 15. Nc3 Nc5 16. Nd2 Nd3 17. Bxd3 Rxd3 18. Kf1 h5 19. Ke2 Rad8 20. c5 Bh6 21. Nf3 Bc4 22. Rxd3 Rxd3 23. Ke1 f6 24. Rd1 Rxd1+ 25. Kxd1 Bb3+ 26. Ke2 Bc1 27. Nd2 Bxb2 28. Nxb3 Bxc3 29. f3 Kf7 30. Kd3 Bb2 31. a4 b6 32. cxb6 axb6 33. a5 bxa5 34. Nxa5 c5 35. Kc4 Bd4 36. Nb3 f5 37. Nxc5 Kf6 38. Nb3 Bg1 39. h3 fxe4 40. fxe4 Kg5 41. Nc1 Kf4 42. Ne2+ Kxe4 43. Nxg1 Ke3 44. Nf3 e4 45. Ng5 Kf2 46. Nxe4+ Kxg2 47. Ng5 Kg3 48. Kd5 Kh4 49. Ne4 Kxh3 50. Ke5 h4 51. Ng5+ Kg4 52. Kf6 Kh5 53. Nh3 Kg4 54. Ng5 1/2-1/2

[Event "Villa Maria U2200"]
[Site "Villa Maria"]
[Date "2017.10.07"]
[Round "1.1"]
[White "Amaya, Martin"]
[Black "Garcia Lemos, Federico"]
[Result "0-1"]
[WhiteElo "1689"]
[BlackElo "2189"]
[PlyCount "40"]
[EventDate "2017.10.07"]
[EventType "swiss"]
[EventRounds "6"]
[EventCountry "ARG"]
[SourceTitle "EXT 2024"]
[Source "ChessBase"]
[SourceDate "2023.10.10"]
[SourceVersion "1"]
[SourceVersionDate "2023.10.10"]
[SourceQuality "1"]

1. d4 Nf6 2. c4 e6 3. Nf3 b6 4. g3 Bb7 5. Bg2 Be7 6. Nc3 Na6 7. 0-0 0-0 8. a3 c5 9. e3 cxd4 10. Nxd4 Bxg2 11. Kxg2 Qc7 12. b3 Nc5 13. Bb2 Qb7+ 14. Kg1 d6 15. b4 Ncd7 16. Ndb5 Ne5 17. Nd4 Nxc4 18. Qe2 Rac8 19. Rac1 a6 20. Rc2 Nxb2 0-1

[Event "ARG-ch sf U2300 Wilson Memorial 4th"]
[Site "La Falda"]
[Date "2017.06.24"]
[Round "1.9"]
[White "Gomez Reyes, Solana"]
[Black "Amaya, Martin"]
[Result "1-0"]
[WhiteElo "1586"]
[BlackElo "1699"]
[PlyCount "39"]
[EventDate "2017.06.24"]
[EventType "swiss"]
[EventRounds "6"]
[EventCountry "ARG"]
[SourceTitle "EXT 2024"]
[Source "ChessBase"]
[SourceDate "2023.10.10"]
[SourceVersion "1"]
[SourceVersionDate "2023.10.10"]
[SourceQuality "1"]

1. d4 d5 2. Bf4 Nf6 3. Nf3 e6 4. e3 Bd6 5. Bg3 Qe7 6. Bd3 Nbd7 7. Nbd2 e5 8. Nxe5 Nxe5 9. dxe5 Bxe5 10. c3 c6 11. Nf3 Bg4 12. Bxe5 Ne4 13. Bg3 0-0-0 14. Qa4 Qc5 15. Bxe4 dxe4 16. Qxe4 Bf5 17. Qf4 Kd7 18. Rd1+ Ke6 19. Ng5+ Ke7 20. Qc7+ 1-0

[Event "Santa Rosa La Pampa op 2nd"]
[Site "Santa Rosa"]
[Date "2015.07.09"]
[Round "1"]
[White "Tristan, Leonardo"]
[Black "Amaya, Martin"]
[Result "1-0"]
[WhiteElo "2426"]
[BlackElo "1709"]
[PlyCount "89"]
[EventDate "2015.07.09"]
[EventType "swiss"]
[EventRounds "6"]
[EventCountry "ARG"]
[SourceTitle "CBM 167 Extra"]
[Source "ChessBase"]
[SourceDate "2015.09.14"]
[SourceVersion "1"]
[SourceVersionDate "2015.09.14"]
[SourceQuality "1"]

1. d4 d5 2. c4 e6 3. Nc3 Nf6 4. cxd5 exd5 5. Bg5 Be7 6. e3 c6 7. Bd3 Nbd7 8. Qc2 0-0 9. Nf3 Re8 10. 0-0 Nf8 11. h3 g6 12. Rab1 Ne6 13. Bxf6 Bxf6 14. b4 a6 15. a4 Ng7 16. b5 axb5 17. axb5 Bf5 18. Bxf5 Nxf5 19. bxc6 bxc6 20. Na4 Qd6 21. Nc5 Reb8 22. Rxb8+ Rxb8 23. Ra1 Bg7 24. Ra7 Rc8 25. Qa2 Qb8 26. Rb7 Qa8 27. Qxa8 Rxa8 28. Rc7 Nd6 29. Rxc6 Ne4 30. Nxe4 dxe4 31. Nd2 f5 32. g4 Ra1+ 33. Kg2 Rd1 34. Nc4 f4 35. Rc8+ Bf8 36. Nd6 fxe3 37. fxe3 Rd3 38. Kf2 Rd2+ 39. Kg3 Re2 40. Kf4 g5+ 41. Kxe4 Rh2 42. Nf5 Rxh3 43. d5 Rh1 44. d6 Rd1 45. Nd4 1-0